000 00801nam a2200301Ia 4500
001 34057
003 IT-RoPAU
008 130308s9999 xx 000 0 und d
040 _aIT-RoPAU
040 _cIT-RoPAU
041 _aFRANCESE
100 _aPaty Michel
100 _gCodice Aut. SPICS: 15076
245 _aPassage du reel-l'objet de la physique
245 _bConstructions de la Realite'-L'Ecrit Du Temps 8/9
250 _a1a ed.
260 _aPARIS
260 _bMinuit
260 _c1985 [1° Ed.:1985 - Ed.Ling.Originale:1985]
300 _a"17 p. (prefazione: no ; testo: 17 [pagine: 25-41])"
500 _aReale Oggetto della Fisica
650 _aEPISTEMOLOGIA
650 _eCodice materia Spics: 3051
942 _cBK
957 _71
999 _c38807
_d38807
999 _bSI
999 _g1